Contemporary public health : principles, practice, and policy /

Bibliographic Details
Other Authors: Holsinger, James W.
Format: eBook
Language:English
Published: Lexington, Ky. : University Press of Kentucky, [2012]
Subjects:
Online Access:Connect to the full text of this electronic book

MARC

Tag First Indicator Second Indicator Subfields
LEADER 00000cam a22000004a 4500
001 in00003402692
005 20190405202638.0
006 m d
007 cr |||||||nn|n
008 120722s2012 kyu o d eng d
010 |z  2012029583 
020 |a 9780813141244 
020 |z 9780813141237 (hardcover : alk. paper) 
020 |a 9780813141251 
035 |a (MdBmJHUP)muse9780813141244 
040 |a MdBmJHUP  |c MdBmJHUP  |d UtOrBLW 
082 0 0 |a 362.10973  |2 23 
245 0 0 |a Contemporary public health :  |b principles, practice, and policy /  |c edited by James W. Holsinger Jr. ; foreword by David M. Lawrence. 
264 1 |a Lexington, Ky. :  |b University Press of Kentucky,  |c [2012] 
264 4 |c ©2012 
300 |a 1 online resource (pages ) 
336 |a text  |b txt  |2 rdacontent 
337 |a computer  |b c  |2 rdamedia 
338 |a online resource  |b cr  |2 rdacarrier 
504 |a Includes bibliographical references and index. 
505 0 |a Contemporary issues in scientific communication and public health education / Charlotte S. Seidman, William M. Silberg, and Kevin Patrick -- Partnerships in public health : working together for a mutual benefit / Stephen W. Wyatt, Kevin T. Brady, and W. Ryan Maynard -- The organizational landscape of the American public health system / Paul K. Halverson, Glen P. Mays, and Rachel Hogg -- International lessons for the United States on health, health care, and health policy / Stephen C. Schoenbaum, Robin Osborn, and David Squires -- Conclusion : future of public health / William Keck, F. Douglas Scutchfield, and James W. Holsinger Jr. 
505 0 |a The social and ecological determinants of health / Steven H. Woolf and Paula Braveman -- The health of marginalized populations / Richard Ingram, Julia F. Costich, and Debra Joy Perez -- Public health workforce and education in the United States / Connie J. Evashwick -- The role of community-oriented primary care in improving health care / Samuel C. Matheny -- Who is the public in public health? / David Mathews -- Public health services and systems research : building the science of public health practice / Glen P. Mays, Paul K. Halverson, and William J. Riley -- National accreditation of public health departments / Kaye Bender -- 
588 |a Description based on print version record. 
500 |a Electronic resource. 
650 2 2 |a Health Policy  |z United States  |v Essays. 
650 1 2 |a Public Health  |z United States  |v Essays. 
650 1 2 |a Delivery of Health Care  |z United States  |v Essays. 
655 7 |a Electronic books.  |2 local 
700 1 |a Holsinger, James W. 
856 4 0 |u http://proxy.library.tamu.edu/login?url=http://muse.jhu.edu/books/9780813141244/  |z Connect to the full text of this electronic book  |t 0 
999 |a MARS 
999 f f |s 5ecb205c-45ad-3597-91d4-6f4811166495  |i c127e463-a192-320c-b317-3d4f85f638da  |t 0 
952 f f |a Texas A&M University  |b College Station  |c Electronic Resources  |d Available Online  |t 0  |h No information provided 
998 f f |t 0  |l Available Online